[Event "Heusenstamm Sparkassen op 11th"]
[Site "Heusenstamm"]
[Date "2024.11.24"]
[Round "7"]
[White "Heppert, Lars"]
[Black "Doerr, Tarik"]
[Result "0-1"]
[WhiteElo "1911"]
[BlackElo "2056"]
[PlyCount "108"]
[EventDate "2024.11.21"]
[EventType "swiss"]
[EventRounds "7"]
[EventCountry "GER"]
[SourceTitle "CB51_2024"]
[SourceDate "2024.12.18"]
[SourceVersion "1"]
[SourceVersionDate "2024.12.18"]
[SourceQuality "1"]

1. Nf3 Nf6 2. c4 g6 3. g3 Bg7 4. Bg2 0-0 5. 0-0 c5 6. d4 cxd4 7. Nxd4 Nc6 8. Nc2 d6 9. Nc3 Rb8 10. e4 a6 11. Qe2 Bg4 12. f3 Be6 13. Be3 Ne5 14. Nd5 b5 15. Nd4 bxc4 16. f4 Nxd5 17. exd5 Bg4 18. Qc2 Qb6 19. Qd2 Nd3 20. Nc6 Qxb2 21. Nxb8 Rxb8 22. Qxb2 Rxb2 23. Rab1 c3 24. Rxb2 cxb2 25. Be4 Be2 26. Rb1 f5 27. Bg2 Nb4 28. Bf1 Bxf1 29. Kxf1 Nxd5 30. Bd2 Nb6 31. Ke2 Nc4 32. Bc1 bxc1N+ 33. Rxc1 d5 34. Kd3 e5 35. fxe5 Bxe5 36. Rb1 Nb2+ 37. Kc2 Kf7 38. Rf1 Ke6 39. Rf3 Nc4 40. Rb3 g5 41. Rb7 f4 42. Rxh7 fxg3 43. hxg3 Kf5 44. Kd3 Kg4 45. Rd7 Nd6 46. Ra7 Ne4 47. Ra8 Kxg3 48. Ke3 Nc5 49. Rc8 d4+ 50. Ke2 d3+ 51. Kd2 Bf4+ 52. Kc3 d2 53. Rd8 Ne4+ 54. Kb4 Bd6+ 0-1

[Event "Heusenstamm Sparkassen op 11th"]
[Site "Heusenstamm"]
[Date "2024.11.23"]
[Round "5"]
[White "Richter, Gerald"]
[Black "Doerr, Tarik"]
[Result "1/2-1/2"]
[WhiteElo "1957"]
[BlackElo "2056"]
[PlyCount "102"]
[EventDate "2024.11.21"]
[EventType "swiss"]
[EventRounds "7"]
[EventCountry "GER"]
[SourceTitle "CB51_2024"]
[SourceDate "2024.12.18"]
[SourceVersion "1"]
[SourceVersionDate "2024.12.18"]
[SourceQuality "1"]

1. d4 Nf6 2. c4 g6 3. Nc3 d5 4. cxd5 Nxd5 5. e4 Nxc3 6. bxc3 Bg7 7. Bc4 c5 8. Ne2 Nc6 9. Be3 0-0 10. 0-0 Bg4 11. f3 Na5 12. Bd3 cxd4 13. cxd4 Be6 14. d5 Bxa1 15. Qxa1 f6 16. Bh6 Re8 17. Nf4 Bf7 18. Kh1 Qd6 19. Bb5 Rec8 20. Nd3 Nc4 21. Bf4 e5 22. dxe6 Qxe6 23. Rd1 a6 24. Ba4 b5 25. Bb3 Rd8 26. Nb4 Rxd1+ 27. Qxd1 g5 28. Bg3 f5 29. Nd5 Rd8 30. Qa1 Bg6 31. h4 fxe4 32. fxe4 Bxe4 33. Nf6+ Kf7 34. Nxe4 Qxe4 35. hxg5 Rd2 36. Qf6+ Kg8 37. Bf2 Qg6 38. Qf4 Qh5+ 39. Kg1 Rd1+ 40. Bxd1 Qxd1+ 41. Kh2 Qd6 42. g3 Qxf4 43. gxf4 Kf7 44. Kh3 a5 45. Kg4 b4 46. Bc5 Nb2 47. Kh5 Nd3 48. Be3 a4 49. f5 b3 50. axb3 axb3 51. Bd4 b2 1/2-1/2

[Event "Arco op 45th"]
[Site "Arco"]
[Date "2023.10.07"]
[Round "1"]
[White "Lepri, Martino"]
[Black "Doerr, Tarik"]
[Result "0-1"]
[WhiteElo "1602"]
[BlackElo "1969"]
[PlyCount "92"]
[EventDate "2023.10.07"]
[EventType "swiss"]
[EventRounds "9"]
[EventCountry "ITA"]
[SourceTitle "CBM 216 Extra"]
[Source "ChessBase"]
[SourceDate "2023.11.30"]
[SourceVersion "1"]
[SourceVersionDate "2023.11.30"]
[SourceQuality "1"]

1. e4 e6 2. d4 d5 3. e5 c5 4. c3 Nc6 5. Nf3 Qb6 6. Bd3 cxd4 7. cxd4 Bd7 8. Bc2 Nb4 9. 0-0 Nxc2 10. Qxc2 Rc8 11. Qb3 Bb5 12. Re1 Qa6 13. Bd2 Ne7 14. Bb4 g6 15. a4 Be2 16. Nbd2 Bxf3 17. Nxf3 Bh6 18. Bxe7 Kxe7 19. h4 Rc4 20. Qa3+ Kd7 21. b3 Rc2 22. b4 Rhc8 23. b5 Qb6 24. Red1 R8c3 25. Qb4 a5 26. Qb1 Rc1 27. Qb2 R1c2 28. Qb1 Ke8 29. Ra3 Qc7 30. b6 Qc6 31. Ra1 Bf8 32. Qb5 Bb4 33. Ne1 Qxb5 34. axb5 Rb2 35. Nd3 Rbc2 36. Nxb4 axb4 37. Rdb1 b3 38. Ra7 Rc1+ 39. Rxc1 Rxc1+ 40. Kh2 b2 41. Rxb7 b1Q 42. Ra7 Qe4 43. Kg3 h5 44. f3 Qe1+ 45. Kh3 Qf2 46. b7 Rh1# 0-1

[Event "Wiesbaden op 32nd"]
[Site "Wiesbaden"]
[Date "2023.08.25"]
[Round "2"]
[White "Doerr, Tarik"]
[Black "Ruppert, Wolfgang"]
[Result "0-1"]
[WhiteElo "1957"]
[BlackElo "2165"]
[PlyCount "110"]
[EventDate "2023.08.24"]
[EventType "swiss"]
[EventRounds "7"]
[EventCountry "GER"]
[SourceTitle "CBM 216 Extra"]
[Source "ChessBase"]
[SourceDate "2023.11.30"]
[SourceVersion "1"]
[SourceVersionDate "2023.11.30"]
[SourceQuality "1"]

1. e4 e6 2. d4 d5 3. e5 c5 4. c3 Bd7 5. Nf3 Qb6 6. Be2 Bb5 7. 0-0 Bxe2 8. Qxe2 Nc6 9. dxc5 Bxc5 10. b4 Bf8 11. Be3 Qc7 12. Nbd2 Nge7 13. c4 Nxb4 14. Rfc1 Nbc6 15. Rab1 d4 16. Nxd4 Nxd4 17. Bxd4 Nf5 18. Ba1 Qc6 19. Ne4 b6 20. c5 Bxc5 21. g4 Nh4 22. Bd4 0-0 23. Bxc5 bxc5 24. Rxc5 Qa4 25. Rc4 Qa5 26. Rc5 Qa4 27. Rc4 Qa6 28. Nd6 Rab8 29. Rbc1 Qa5 30. Rc5 Qxc5 31. Rxc5 Rb1+ 32. Qf1 Nf3+ 33. Kg2 Rxf1 34. Kxf1 Nxh2+ 35. Ke2 Nxg4 36. f3 Nh6 37. Nc8 a6 38. Rc6 Nf5 39. Kd3 h5 40. Nd6 Ra8 41. Nxf5 exf5 42. Ke3 g6 43. Kf4 Kg7 44. Kg5 Re8 45. Rxa6 Rxe5 46. a4 f6+ 47. Kh4 f4 48. Kh3 Re2 49. Rc6 Ra2 50. Rc4 g5 51. Rb4 Kg6 52. Rc4 Kf5 53. Rc5+ Ke6 54. a5 f5 55. Rc6+ Kd5 0-1

[Event "Rhein Main op-A 14th"]
[Site "Bad Homburg"]
[Date "2011.06.25"]
[Round "6"]
[White "Doerr, Tarik"]
[Black "Stierle, Martin"]
[Result "1/2-1/2"]
[WhiteElo "1852"]
[BlackElo "1973"]
[PlyCount "41"]
[EventDate "2011.06.22"]
[EventType "swiss"]
[EventRounds "7"]
[EventCountry "GER"]
[SourceTitle "EXT 2012"]
[Source "ChessBase"]
[SourceDate "2011.11.24"]
[SourceVersion "1"]
[SourceVersionDate "2011.11.24"]
[SourceQuality "1"]

1. e4 e6 2. d4 d5 3. Nc3 Nc6 4. e5 f6 5. f4 Bb4 6. Nf3 Qe7 7. Bd3 Qf7 8. Be3 Bd7 9. a3 Ba5 10. b4 Bb6 11. Ne2 Nce7 12. 0-0 Nh6 13. Ng3 Nhf5 14. Nxf5 Nxf5 15. Bf2 0-0 16. c3 Kh8 17. Qc2 Qh5 18. Kh1 g5 19. Bxf5 exf5 20. exf6 g4 21. Ne5 1/2-1/2

[Event "Rhein Main op-A 14th"]
[Site "Bad Homburg"]
[Date "2011.06.25"]
[Round "5"]
[White "Held, Carsten"]
[Black "Doerr, Tarik"]
[Result "1-0"]
[WhiteElo "2040"]
[BlackElo "1852"]
[PlyCount "51"]
[EventDate "2011.06.22"]
[EventType "swiss"]
[EventRounds "7"]
[EventCountry "GER"]
[SourceTitle "EXT 2012"]
[Source "ChessBase"]
[SourceDate "2011.11.24"]
[SourceVersion "1"]
[SourceVersionDate "2011.11.24"]
[SourceQuality "1"]

1. Nf3 d5 2. c4 e6 3. g3 c6 4. b3 Nd7 5. Bb2 Ngf6 6. Bg2 Be7 7. 0-0 0-0 8. d3 b6 9. Nbd2 Bb7 10. Rc1 c5 11. cxd5 exd5 12. d4 Rc8 13. Rc2 Qc7 14. Qa1 Rfd8 15. Bh3 Qb8 16. Rfc1 Rc7 17. Nf1 Bf8 18. Ne3 Ne4 19. Rd1 Qa8 20. Qc1 Bc8 21. dxc5 Bxc5 22. Nxd5 Bxf2+ 23. Kg2 Rxc2 24. Qxc2 Bb7 25. Qxe4 Re8 26. Qg4 1-0

[Event "Rhein Main op-A 14th"]
[Site "Bad Homburg"]
[Date "2011.06.24"]
[Round "4"]
[White "Doerr, Tarik"]
[Black "Faqiry, Ramat"]
[Result "1-0"]
[WhiteElo "1852"]
[BlackElo "1977"]
[PlyCount "187"]
[EventDate "2011.06.22"]
[EventType "swiss"]
[EventRounds "7"]
[EventCountry "GER"]
[SourceTitle "EXT 2012"]
[Source "ChessBase"]
[SourceDate "2011.11.24"]
[SourceVersion "1"]
[SourceVersionDate "2011.11.24"]
[SourceQuality "1"]

1. e4 c5 2. Nf3 e6 3. d4 cxd4 4. Nxd4 a6 5. c4 Nf6 6. Nc3 d6 7. Be2 Be7 8. 0-0 0-0 9. Kh1 Bd7 10. Be3 Nc6 11. Qe1 Nxd4 12. Bxd4 Bc6 13. f3 Qc7 14. Rc1 e5 15. Be3 Qd7 16. Qf2 Rac8 17. Rfd1 Qe6 18. a4 Kh8 19. b4 Ng8 20. b5 Be8 21. Nd5 f5 22. exf5 Rxf5 23. Bd3 Rf8 24. Be4 Bg6 25. Nxe7 Qxe7 26. Bxg6 hxg6 27. Qd2 Rfd8 28. Bb6 Rd7 29. c5 d5 30. c6 bxc6 31. bxc6 Rd6 32. Bc5 Rcxc6 33. Bxd6 Rxd6 34. Qb4 Qd8 35. Rc5 Ne7 36. Rb1 e4 37. fxe4 dxe4 38. Re1 e3 39. Rxe3 Nf5 40. Rh3+ Nh6 41. Re5 Rd4 42. Qc3 Kh7 43. Re1 Rxa4 44. Rd3 Qg5 45. Qc1 Qf5 46. Rf3 Qh5 47. Rh3 Rh4 48. Rxh4 Qxh4 49. Qe3 a5 50. Qg3 Qb4 51. Ra1 Nf5 52. Qe1 Qg4 53. Rxa5 Nh4 54. Ra2 Nf5 55. Rb2 Qd4 56. Rb4 Qd3 57. Rb8 Qd6 58. Rc8 Qd7 59. Rc3 Qd4 60. Rh3+ Nh6 61. Rh4 Qf6 62. h3 Kg8 63. Kg1 Qb6+ 64. Kh2 Qc6 65. Qe5 Kh7 66. Rd4 Nf5 67. Rb4 Kh6 68. Rb8 Kh7 69. Rf8 Nh4 70. Qg3 Nf5 71. Qb8 Qd6+ 72. Qxd6 Nxd6 73. Kg3 Ne4+ 74. Kf4 Nf6 75. Rd8 Nh5+ 76. Ke5 Kh6 77. g4 Nf6 78. Kf4 Kh7 79. h4 Ng8 80. Kg5 Nf6 81. Kf4 Ng8 82. Re8 Nf6 83. Re6 Nd7 84. Kg5 Nf8 85. Re7 Kg8 86. Re8 Kf7 87. Rxf8+ Kxf8 88. Kxg6 Kg8 89. h5 Kh8 90. g5 Kg8 91. h6 gxh6 92. Kxh6 Kh8 93. g6 Kg8 94. g7 1-0

[Event "Rhein Main op-A 14th"]
[Site "Bad Homburg"]
[Date "2011.06.23"]
[Round "2"]
[White "Sand, Rolf"]
[Black "Doerr, Tarik"]
[Result "1/2-1/2"]
[WhiteElo "2012"]
[BlackElo "1852"]
[PlyCount "27"]
[EventDate "2011.06.22"]
[EventType "swiss"]
[EventRounds "7"]
[EventCountry "GER"]
[SourceTitle "EXT 2012"]
[Source "ChessBase"]
[SourceDate "2011.11.24"]
[SourceVersion "1"]
[SourceVersionDate "2011.11.24"]
[SourceQuality "1"]

1. e4 e6 2. d4 d5 3. Nd2 Nf6 4. Bd3 dxe4 5. Nxe4 Be7 6. Nf3 Nbd7 7. 0-0 0-0 8. Qe2 b6 9. Rd1 Bb7 10. Nxf6+ Nxf6 11. c3 Qd6 12. Bg5 c5 13. dxc5 Qxc5 14. Bxf6 1/2-1/2

[Event "Frankfurt-ch"]
[Site "Frankfurt"]
[Date "2011.05.09"]
[Round "2"]
[White "Doerr, Tarik"]
[Black "Schellen, Sven"]
[Result "1-0"]
[WhiteElo "1852"]
[BlackElo "1745"]
[PlyCount "57"]
[EventDate "2011.05.02"]
[EventType "swiss"]
[EventRounds "7"]
[EventCountry "GER"]
[SourceTitle "EXT 2012"]
[Source "ChessBase"]
[SourceDate "2011.11.24"]
[SourceVersion "1"]
[SourceVersionDate "2011.11.24"]
[SourceQuality "1"]

1. e4 e6 2. d4 d5 3. Nc3 Bb4 4. e5 Ne7 5. a3 Bxc3+ 6. bxc3 c5 7. Qg4 Kf8 8. Ne2 Nec6 9. Qh3 Nd7 10. g4 Qa5 11. Bd2 Qb6 12. Qe3 Na5 13. Ng3 Qc7 14. f4 Nb6 15. Qf3 Nac4 16. Bc1 Qe7 17. Bd3 Bd7 18. 0-0 Bc6 19. f5 Ke8 20. Nh5 Qf8 21. Nf4 Kd7 22. Qh3 cxd4 23. cxd4 Qg8 24. Nh5 Kc7 25. Qh4 Rd8 26. Bg5 Rc8 27. Rfb1 h6 28. Be7 Nd2 29. Bd6+ 1-0